Search the Library Catalogue
| 000 -LEADER | |
|---|---|
| fixed length control field | 00687nam a2200217Ia 4500 |
| 008 - FIXED-LENGTH DATA ELEMENTS--GENERAL INFORMATION | |
| fixed length control field | 191130s2009##################000#0#eng## |
| 020 ## - INTERNATIONAL STANDARD BOOK NUMBER | |
| ISBN | 9780736073943 |
| 082 ## - DEWEY DECIMAL CLASSIFICATION NUMBER | |
| Classification number | 790.1 HOR |
| 100 ## - MAIN ENTRY--AUTHOR NAME | |
| Personal name | Horowitz, Gayle L |
| 245 ## - TITLE STATEMENT | |
| Title | International games : building skills through multicultural play |
| Statement of responsibility, etc | Gayle L. Horowitz |
| 260 ## - PUBLICATION, DISTRIBUTION, ETC. (IMPRINT) | |
| Place of publication | Champaign, IL |
| Name of publisher | Human Kinetics |
| Year of publication | 2009 |
| 300 ## - PHYSICAL DESCRIPTION | |
| Number of Pages | x, 117 p. : ill. ; 23 cm |
| 500 ## - GENERAL NOTE | |
| General note | Includes bibliographical references (p. 115-116) |
| 650 ## - SUBJECT ADDED ENTRY--TOPICAL TERM | |
| Topical Term | Games |
| Topical Term | Multicultural education - Activity programs |
| 991 ## - | |
| -- | 356309 |
| Withdrawn status | Lost status | Damaged status | Not for loan | Home library | Current library | Shelving location | Date acquired | Full call number | Accession Number | Price effective from | Koha item type |
|---|---|---|---|---|---|---|---|---|---|---|---|
| Anna Centenary Library | Anna Centenary Library | 6TH FLOOR, B WING | 13.10.2020 | 790.1 HOR | 371421 | 13.10.2020 | English Books |